| 000 | 00655nam a2200253Ia 4500 | ||
|---|---|---|---|
| 003 | OSt | ||
| 005 | 20220918195442.0 | ||
| 006 | a|||||r|||| 00| 0 | ||
| 007 | ta | ||
| 008 | 220917b |||||||| |||| 00| 0 eng d | ||
| 024 | _a84,978 | ||
| 037 | _cTextual | ||
| 040 |
_aARTS _cARTS _beng |
||
| 041 |
_2eng _aeng |
||
| 082 | _aSM95x1:90Q:34, H8 | ||
| 100 |
_aGinsburg S W _990355 |
||
| 110 |
_a` _990356 |
||
| 245 | 0 |
_aMan's place in God's world _b a psychiatrist's evaluation |
|
| 260 | _c1948 | ||
| 650 | _aPSYCHOLOGY | ||
| 700 |
_a` _990357 |
||
| 942 |
_hSM95x1:90Q:34, H8 _cTEXL _2CC |
||
| 999 |
_c208692 _d208692 |
||